01921cam a2200373 a 4500003000900000005001700009008004100026020003100067020001800098040002800116090001200144100002700156245010700183250001700290260003600307300006500343490003600408500003100444650003800475650005800513650004500571650005700616650002700673700002400700700004000724942001200764999001700776952013200793952012800925952012801053952011901181952012501300952012201425CO-ViMGA20230915233133.0130111s2012 ck a gr 000 j spa  a9789588306438 (coleccin̤) a9789588306582 aCO-ViMGAbspacCO-ViMGA aC VILCA10aVillegas, Maria92053810aCenicienta y la galleta de la fortuna cMaria Villegas y Jennie Kent ; ilustraciones de Elena Landinez a1a. edicion  aBogot bVillegas Editoresc2012 a[36] pg̀inas bilustraciones c25 cm.e18 hojas de lm̀inas0 aCocinando cuentos de hadas ;v5 aDonacion Villegas Editores14aCocina para niños 2LEMB92110714aCuentos infantiles colombianos 2LEMBySiglo XXI957614aLibros ilustrados para niños2LEMB98714aLiteratura infantil colombiana2LEMBySiglo XXI957714aRecetarios2LEMB9899310aKent, Jennie92054010aLandn̕ez, Elenaeilustrador921465 2ddccBK c35538d35538 00102ddc40708008aMEVIECARbMEVIECARd2016-06-13l3oC VILCAp30116r2024-07-26 00:00:00s2018-06-02tEj. 1w2016-06-13yBK 00102ddc40708INFaMEDORADObMEDORADOcSInfd2024-02-16l0oC VILCApDOR03183r2024-02-16 12:45:08tEj.1w2024-02-16yBK 00102ddc40708INFaMESJUANIbMESJUANIcSInfd2024-05-17l0oC VILCApSJU00824r2024-05-17 20:52:33tEj.1w2024-05-17yBK 00102ddc40708INFaMESMARTIbMESMARTIcSInfd2025-02-28l0pSM003299r2025-02-28 11:27:16tEj.1w2025-02-28yBK 00102ddc40708INFaMEMESETAbMEMESETAcSInfd2025-07-29l0oC VILpME01594r2025-03-18 11:05:02tEj.1w2025-03-18yBK 00102ddc4070aMESARAMAbMESARAMAcSInfd2026-02-25l0oC VIL1pSJA01654r2026-02-25 22:45:46tEj.1w2026-02-25yBK